| 000 | 00355nam a22001457a 4500 | ||
|---|---|---|---|
| 020 | _a9789693500028 | ||
| 040 | _cNUST | ||
| 082 |
_a891.4392 _bTAR |
||
| 100 |
_aTarar, Mustansar Hussain _93135 |
||
| 245 | _aMoorat; Dramey | ||
| 260 |
_aLAHORE _bSang-E-Meel Publications _c2010 |
||
| 300 | _a215P | ||
| 650 | _2Urdu Literature-Drama | ||
| 942 |
_2ddc _cBK |
||
| 999 |
_c585753 _d585753 |
||